01335 2200205 4500001002100000005001500021035002000036008004100056245003300097100001900130250000600149260003800155300001200193084001400205082000800219650001000227520086800237990001201105990001201117INLIS00000000000083820240607100839 a0010-0524000073240607 1 ind 1 aPerfect Boy /cFaulina Anjar aAnjar, Faulina a1 aYogyakarta :bSheila/ Andi,c2009 a172 hlm a813 FAU p a813 4aFiksi aSelama ini Chika selalu bermimpi ingin punya cowok sekali aja seumur hidup. Tapi, kesalahan yang nggak disengaja membuat Chika harus membuang jauh semua impiannya. Jatuh cinta sama temen masa kecil membuat impiannya berantakan. Ternyata nggak seperti di film-film, temen masa kecil nggak selalu bisa menjadi pacar yang baik. Belum lagi, cuma karena bualan teman baiknya, Chika juga harus rela pacaran sama cowok super pendiam yang baru sepuluh menit yang lalu dia lihat. Pacaran model apa? Sama sekali nggak saling kenal, tapi tiba-tiba aja jadian. Masih syukur tau namanya. Terus gimana sama Odi? Teman satu kelasnya yang cakep, keren, gagah, tajir, tapi selalu jutek, nyebelin, dan kasar sama cewek. Bener nggak sih Odi suka sama Chika? Kalau nggak bener, kenapa Chika ngerasa Odi selalu memberikan perhatian yang berbeda? Atau, Chika aja yang terlalu ke-GR-an. a0741276 a0741277